Curso de mineralogia e geologia segundo os novos programas dos liceus: III principios

Gespeichert in:
Bibliographische Detailangaben
1. Verfasser: Guimarãis, A J Gonçálvez Autor, lente catedrático da Faculdade de Ciências e director do Museu Mineralógico da Universidade de Coimbra
Format: keine Angabe
Erschienen: Lisboa ª 1912
Katalog:MANES:  Suchergebnis im Bibliothekskatalog
Schulbuchspezifische Eigenschaften:
Schlagworte:
Tags: Tag hinzufügen
Keine Tags, Fügen Sie den ersten Tag hinzu!
Hinzugefügt zu:26.04.2016

MARC

LEADER 000000000a22000000004500
001 39755
008 160427s po ||||| |||| 00| 0 prt d
040 |a MANES  |c manes 
100 1 |a Guimarãis, A  |b J  |b Gonçálvez  |b Autor, lente catedrático da Faculdade de Ciências e director do Museu Mineralógico da Universidade de Coimbra 
245 0 0 |a Curso de mineralogia e geologia segundo os novos programas dos liceus: III principios 
260 |a Lisboa  |b ª  |c 1912 
300 |a 308 p.  |c 18x12 cm 
500 |a Ilustrações a preto ebranco. Carimbo do gabinete de biologia e geologia do Liceu Central de João de Deus. Reencadernado por Luis Vieira pinto, da 6ªB, Ciências, 22-2-936 
546 |a Portugal 
652 7 |a Ciencias naturales 
655 7 |a Secundaria 
942 |2 ddc  |c BK 
999 |c 44072  |d 44072 
999 |c manes:44072  |d 44072